Nezamestnanosť v EMÚ po siedmich rokoch pod 10 percentami
Pokles miery nezamestnanosti v krajinách EMÚ pod 10 percent. Nemecká ekonomika nastupuje cestu oživenia. Miera nezamestnanosti v EÚ a EMÚ za rok 1999.
Salvato in:
| Autore principale: | |
|---|---|
| Natura: | Capitolo di libro |
| Lingua: | slovacco |
| Soggetti: | |
| Tags: |
Nessun Tag, puoi essere il primo ad aggiungerne!!
|
MARC
| LEADER | 00000naa a2200000 4500 | ||
|---|---|---|---|
| 001 | r036673 | ||
| 005 | 20230824102224.6 | ||
| 041 | 0 | |a slo | |
| 044 | |a SK | ||
| 245 | 1 | 0 | |a Nezamestnanosť v EMÚ po siedmich rokoch pod 10 percentami |c Radoslav Tomek |
| 520 | |a Pokles miery nezamestnanosti v krajinách EMÚ pod 10 percent. Nemecká ekonomika nastupuje cestu oživenia. Miera nezamestnanosti v EÚ a EMÚ za rok 1999. | ||
| 610 | 2 | 0 | |a trh práce |
| 610 | 2 | 0 | |a nezamestnanosť |
| 610 | 2 | 0 | |a rast hospodársky |
| 610 | 2 | 0 | |a Nemecko |
| 610 | 2 | 0 | |a Európska únia |
| 610 | 2 | 0 | |a únie menové |
| 100 | 1 | |a Tomek, Radoslav | |